[Event "ARG-ch sf 84th"]
[Site "La Plata"]
[Date "2009.05.05"]
[Round "8"]
[White "Scarzello, Alejandro"]
[Black "Pastor, Juan Martin"]
[Result "1-0"]
[WhiteElo "2065"]
[BlackElo "1998"]
[PlyCount "71"]
[EventDate "2009.04.30"]
[EventType "swiss"]
[EventRounds "9"]
[EventCountry "ARG"]
[SourceTitle "CBM 130 Extra"]
[Source "ChessBase"]
[SourceDate "2009.07.02"]
[SourceVersion "2"]
[SourceVersionDate "2009.07.15"]
[SourceQuality "1"]

1. e4 c5 2. Nf3 d6 3. d4 cxd4 4. Nxd4 Nf6 5. f3 g6 6. c4 Bg7 7. Nc3 Nc6 8. Nc2 Be6 9. Ne3 Qb6 10. Ncd5 Bxd5 11. cxd5 Ne5 12. Qa4+ Ned7 13. Nc4 Qc7 14. Be3 0-0 15. Be2 a6 16. Qd1 b5 17. Nd2 Rfc8 18. Nb3 Qc2 19. Qxc2 Rxc2 20. Rb1 Ne8 21. Nd4 Bxd4 22. Bxd4 Rac8 23. Bc3 b4 24. Bxb4 Rb8 25. a3 a5 26. Bxa5 Rbxb2 27. Rxb2 Rxb2 28. Kf2 Nc5 29. Rd1 Nb3 30. Bb4 Nc7 31. Kf1 Ne8 32. e5 f6 33. f4 fxe5 34. fxe5 dxe5 35. Bxe7 Kf7 36. d6 1-0

[Event "ARG-ch sf 84th"]
[Site "La Plata"]
[Date "2009.05.01"]
[Round "3"]
[White "Spata, German"]
[Black "Scarzello, Alejandro"]
[Result "0-1"]
[WhiteElo "2292"]
[BlackElo "2065"]
[PlyCount "148"]
[EventDate "2009.04.30"]
[EventType "swiss"]
[EventRounds "9"]
[EventCountry "ARG"]
[SourceTitle "CBM 130 Extra"]
[Source "ChessBase"]
[SourceDate "2009.07.02"]
[SourceVersion "2"]
[SourceVersionDate "2009.07.15"]
[SourceQuality "1"]

1. Nf3 Nf6 2. c4 g6 3. b3 Bg7 4. Bb2 0-0 5. g3 d6 6. d4 e5 7. dxe5 Nfd7 8. Bg2 dxe5 9. e4 Nc6 10. 0-0 Re8 11. Nc3 Nd4 12. Ne2 Nxf3+ 13. Bxf3 Qf6 14. Nc3 c6 15. Bg2 Nf8 16. f4 Ne6 17. Ne2 Rd8 18. Qc2 Qe7 19. Rfd1 Qc5+ 20. Kh1 Nd4 21. Nxd4 exd4 22. Qf2 Qb6 23. c5 Qxc5 24. e5 Be6 25. Bxd4 Qa5 26. Bc3 Bd5 27. Bxd5 Rxd5 28. Rxd5 Qxd5+ 29. Kg1 a6 30. Re1 Bf8 31. Re2 Bb4 32. Bd2 Bc5 33. Be3 Bb4 34. Qg2 Qd1+ 35. Qf1 Qd5 36. Qc1 Rd8 37. Kf2 Qb5 38. Qc4 Qxc4 39. bxc4 Rd3 40. Rc2 Kf8 41. Ke2 Rd7 42. c5 Rd5 43. Rc4 Ba5 44. Bd4 Ke7 45. Ke3 Kd7 46. Ra4 Bd8 47. Ke4 Be7 48. Rc4 Ke6 49. g4 f5+ 50. gxf5+ gxf5+ 51. Ke3 Rd7 52. Rc2 Bf8 53. Rg2 Rg7 54. Rb2 Kd5 55. Rc2 h5 56. Rd2 Ke6 57. Kf3 Rd7 58. Ke3 Rg7 59. Kf3 Rd7 60. Ke3 Rg7 61. Kd3 h4 62. Kc4 Be7 63. Rb2 Bd8 64. Rb1 Ba5 65. Rb3 Bd2 66. Rd3 Bxf4 67. Bb2 Bxe5 68. Rd8 Rg4+ 69. Kd3 Bxh2 70. Rh8 Bg3 71. Bc3 f4 72. Bd4 f3 73. Re8+ Kf7 74. Re3 Rxd4+ 0-1

[Event "ARG-ch sf 83rd"]
[Site "Buenos Aires"]
[Date "2008.07.27"]
[Round "8"]
[White "Torres, Sergio"]
[Black "Scarzello, Alejandro"]
[Result "0-1"]
[WhiteElo "2202"]
[BlackElo "2050"]
[PlyCount "75"]
[EventDate "2008.07.21"]
[EventType "swiss"]
[EventRounds "9"]
[EventCountry "ARG"]
[SourceTitle "CBM 125 Extra"]
[Source "ChessBase"]
[SourceDate "2008.09.01"]
[SourceVersion "1"]
[SourceVersionDate "2008.09.01"]
[SourceQuality "1"]

1. e4 c5 2. Nf3 Nc6 3. d4 cxd4 4. c3 d3 5. Bxd3 d6 6. Bf4 Nf6 7. Nbd2 e6 8. Qe2 Be7 9. h3 a6 10. 0-0 0-0 11. Rfd1 e5 12. Bg3 b5 13. a4 b4 14. Rac1 bxc3 15. Rxc3 Nb4 16. Bc4 Bb7 17. Nh4 d5 18. exd5 Nfxd5 19. Bxd5 Nxd5 20. Rb3 Bxh4 21. Rxb7 Bxg3 22. fxg3 Qc8 23. Rb3 Qc5+ 24. Kh2 Nf6 25. Re3 Rfe8 26. Rf1 Qd4 27. b3 Rad8 28. Nf3 Qb6 29. Nxe5 Nd5 30. Rd3 Qc7 31. Qf3 Rxe5 32. Rfd1 Qd7 33. b4 f6 34. Qf4 Qxa4 35. Qg4 Qd7 36. Qc4 Qb5 37. Qg4 Kf7 38. Qf3 0-1

[Event "ARG-ch sf 83rd"]
[Site "Buenos Aires"]
[Date "2008.07.26"]
[Round "6"]
[White "Scarzello, Alejandro"]
[Black "Tenti, Joaquin"]
[Result "1-0"]
[WhiteElo "2050"]
[BlackElo "2145"]
[PlyCount "79"]
[EventDate "2008.07.21"]
[EventType "swiss"]
[EventRounds "9"]
[EventCountry "ARG"]
[SourceTitle "CBM 125 Extra"]
[Source "ChessBase"]
[SourceDate "2008.09.01"]
[SourceVersion "1"]
[SourceVersionDate "2008.09.01"]
[SourceQuality "1"]

1. e4 c5 2. Nf3 e6 3. d4 cxd4 4. Nxd4 a6 5. Bd3 Bc5 6. Nb3 Ba7 7. 0-0 Nc6 8. c4 d6 9. Nc3 Nge7 10. Kh1 e5 11. Bg5 Be6 12. Nd5 Bxd5 13. exd5 Nd4 14. Nxd4 Bxd4 15. Qh5 Qd7 16. f4 g6 17. Qh4 f5 18. Rae1 Qc7 19. b4 Kf7 20. Bf6 Rhg8 21. fxe5 Bxe5 22. Bxe5 dxe5 23. Qg3 Kf6 24. Qh4+ Kg7 25. Bc2 Rae8 26. Bb3 a5 27. c5 axb4 28. d6 Qxc5 29. dxe7 Rxe7 30. Bxg8 Kxg8 31. Rc1 Qd6 32. Qh6 Rc7 33. Rcd1 Qe7 34. Qd2 e4 35. Qd5+ Kg7 36. Qd4+ Kh6 37. Rb1 e3 38. h3 Rc3 39. Rf3 e2 40. Rxc3 1-0

[Event "Mar del Plata op 39th"]
[Site "Mar del Plata"]
[Date "2008.03.21"]
[Round "8"]
[White "Scarzello, Alejandro"]
[Black "Moccero, Eduardo"]
[Result "0-1"]
[WhiteElo "2001"]
[BlackElo "2120"]
[PlyCount "94"]
[EventDate "2008.03.15"]
[EventType "swiss"]
[EventRounds "9"]
[EventCountry "ARG"]
[SourceTitle "CBM 123 Extra"]
[Source "ChessBase"]
[SourceDate "2008.05.06"]
[SourceVersion "1"]
[SourceVersionDate "2008.05.06"]
[SourceQuality "1"]

1. e4 Nc6 2. Nf3 d5 3. exd5 Qxd5 4. Nc3 Qf5 5. a3 e5 6. Bc4 Be6 7. Qe2 Bxc4 8. Qxc4 Nf6 9. Qb5 0-0-0 10. d3 Qg4 11. 0-0 Nd4 12. Nxd4 exd4 13. h3 Qe6 14. Ne4 Nxe4 15. dxe4 Qxe4 16. Qa5 a6 17. Re1 Qd5 18. Qd2 Bd6 19. b3 Rhe8 20. Bb2 Be5 21. Rad1 Re6 22. Qd3 Rg6 23. Qe4 Qxe4 24. Rxe4 Re6 25. Kf1 Bf6 26. Ree1 c5 27. Rd3 Rxe1+ 28. Kxe1 Kc7 29. f4 Kc6 30. g4 h6 31. Bc1 Re8+ 32. Kf2 b5 33. g5 hxg5 34. fxg5 Bd8 35. Rf3 f6 36. h4 fxg5 37. hxg5 Re5 38. Rg3 g6 39. Kf3 c4 40. Kg4 Re2 41. bxc4 bxc4 42. Rh3 Rxc2 43. Bf4 Re2 44. Rh8 Bc7 45. Rc8 Re7 46. Bxc7 Rxc7 47. Rg8 c3 0-1

[Event "Mar del Plata op 39th"]
[Site "Mar del Plata"]
[Date "2008.03.18"]
[Round "5"]
[White "Bibiloni, Jorge Jaime"]
[Black "Scarzello, Alejandro"]
[Result "1-0"]
[WhiteElo "2180"]
[BlackElo "2001"]
[PlyCount "51"]
[EventDate "2008.03.15"]
[EventType "swiss"]
[EventRounds "9"]
[EventCountry "ARG"]
[SourceTitle "CBM 123 Extra"]
[Source "ChessBase"]
[SourceDate "2008.05.06"]
[SourceVersion "1"]
[SourceVersionDate "2008.05.06"]
[SourceQuality "1"]

1. e4 c5 2. d3 Nc6 3. g3 g6 4. Bg2 Bg7 5. f4 e6 6. Nf3 Nge7 7. 0-0 d6 8. c3 0-0 9. Be3 b6 10. d4 Ba6 11. Re1 Rc8 12. Na3 Bb7 13. Nb5 a6 14. dxc5 axb5 15. cxd6 b4 16. dxe7 Qxe7 17. e5 bxc3 18. bxc3 b5 19. Rb1 b4 20. Qb3 bxc3 21. Qxb7 c2 22. Qxe7 Nxe7 23. Rbc1 Nd5 24. Nd4 Nb4 25. Re2 Rfd8 26. a3 1-0

[Event "Mar del Plata op 39th"]
[Site "Mar del Plata"]
[Date "2008.03.16"]
[Round "3"]
[White "Scarzello, Alejandro"]
[Black "Daneri, Martin"]
[Result "1-0"]
[WhiteElo "2001"]
[BlackElo "2210"]
[PlyCount "51"]
[EventDate "2008.03.15"]
[EventType "swiss"]
[EventRounds "9"]
[EventCountry "ARG"]
[SourceTitle "CBM 123 Extra"]
[Source "ChessBase"]
[SourceDate "2008.05.06"]
[SourceVersion "1"]
[SourceVersionDate "2008.05.06"]
[SourceQuality "1"]

1. e4 c5 2. Nf3 e6 3. d4 cxd4 4. Nxd4 Nf6 5. Nc3 d6 6. Be3 a6 7. f3 b5 8. g4 Bb7 9. Qd2 Nfd7 10. 0-0-0 Nb6 11. Ndxb5 axb5 12. Nxb5 Rxa2 13. Kb1 Ra8 14. Qb4 d5 15. Qd4 N8d7 16. Bf4 e5 17. Bxe5 Bc5 18. Nd6+ Kf8 19. Nxb7 Bxd4 20. Bd6+ Ke8 21. Nxd8 Kxd8 22. Rxd4 dxe4 23. fxe4 Re8 24. Bb5 Kc8 25. c4 Re6 26. c5 1-0